000 00444nam a22001577a 4500
003 PILC
005 20151028105733.0
008 151028b xxu||||| |||| 00| 0 eng d
020 _a9783822838143
050 _aND 553 .W278 2007 pt.2
100 _aWalther, Ingo F.
245 _aPablo picasso 1881-1973 :
_bpart II the works 1937-1973
260 _aUSA
_bTaschen Gmbh
_c2007
300 _a740 pages.,
_bcol.,ill.;
_c26 cm.
942 _2lcc
_cBK
999 _c288876
_d288876